[Event "Tambov First league of Region"]
[Site "Tambov"]
[Date "2016.10.26"]
[Round "5.4"]
[White "Kozharinov, Sergey"]
[Black "Kutyanina, Mariya"]
[Result "0-1"]
[WhiteElo "1930"]
[BlackElo "1951"]
[PlyCount "94"]
[EventDate "2016.10.22"]
[EventType "tourn"]
[EventRounds "9"]
[EventCountry "RUS"]
[SourceTitle "EXT 2022"]
[Source "ChessBase"]
[SourceDate "2021.10.06"]
[SourceVersion "1"]
[SourceVersionDate "2021.10.06"]
[SourceQuality "1"]

1. b3 e5 2. Bb2 d6 3. e3 f5 4. Nc3 Nf6 5. Qe2 Be7 6. 0-0-0 a6 7. d4 e4 8. Nh3 d5 9. f3 0-0 10. fxe4 fxe4 11. Nf4 Bg4 12. Qd2 Bxd1 13. Qxd1 a5 14. a3 Qd7 15. h3 b6 16. Nh5 c6 17. Be2 Nxh5 18. Bxh5 Bg5 19. Qe2 Qd6 20. Nd1 Qg3 21. Bc3 g6 22. Bg4 Qd6 23. Bb2 h5 24. Kb1 hxg4 25. hxg4 Ra7 26. Nf2 Rh7 27. Nh3 Qg3 28. Bc3 Qxe3 29. Qxe3 Bxe3 30. Re1 Bf2 31. Re2 e3 32. Kb2 Nd7 33. Be1 Rhf7 34. Ng5 Rf6 35. Nf3 Bxe1 36. Nxe1 Re8 37. Nf3 Rf4 38. Kc3 Rxg4 39. Kd3 c5 40. c4 dxc4+ 41. bxc4 cxd4 42. Nxd4 Nc5+ 43. Kc3 Ree4 44. Nc2 Rxc4+ 45. Kb2 Na4+ 46. Ka1 Rg5 47. Nxe3 Rc1+ 0-1

[Event "Tambov Korensky Memorial 22nd"]
[Site "Tambov"]
[Date "2013.08.20"]
[Round "4"]
[White "Kozharinov, Sergey"]
[Black "Petrov, Alexander V"]
[Result "0-1"]
[WhiteElo "2095"]
[BlackElo "2094"]
[PlyCount "46"]
[EventDate "2013.08.17"]
[EventType "swiss"]
[EventRounds "9"]
[EventCountry "RUS"]
[SourceTitle "CBM 156 Extra"]
[Source "ChessBase"]
[SourceDate "2013.10.22"]
[SourceVersion "1"]
[SourceVersionDate "2013.10.22"]
[SourceQuality "1"]

1. d4 d5 2. Nf3 Nf6 3. g3 Bf5 4. Bg2 e6 5. 0-0 h6 6. Nbd2 Nbd7 7. c4 c6 8. Re1 Be7 9. cxd5 cxd5 10. Qa4 0-0 11. Qb3 Qa5 12. a3 Rfc8 13. Ne5 Nxe5 14. dxe5 Ng4 15. Nf3 Nxe5 16. Rf1 Nxf3+ 17. Bxf3 Qa6 18. Bf4 Bc2 19. Qe3 Bf6 20. Ra2 Qc4 21. Rfa1 Bb3 22. Qd3 Bxa2 23. Qxc4 Bxc4 0-1

[Event "Tambov Korensky Memorial 22nd"]
[Site "Tambov"]
[Date "2013.08.19"]
[Round "3"]
[White "Shcherbakov, Nikolay"]
[Black "Kozharinov, Sergey"]
[Result "1/2-1/2"]
[WhiteElo "1824"]
[BlackElo "2095"]
[PlyCount "34"]
[EventDate "2013.08.17"]
[EventType "swiss"]
[EventRounds "9"]
[EventCountry "RUS"]
[SourceTitle "CBM 156 Extra"]
[Source "ChessBase"]
[SourceDate "2013.10.22"]
[SourceVersion "1"]
[SourceVersionDate "2013.10.22"]
[SourceQuality "1"]

1. d4 g6 2. Nf3 Bg7 3. c4 Nf6 4. Nc3 0-0 5. e4 d6 6. Be2 Nbd7 7. 0-0 c6 8. d5 Ne8 9. Be3 Ne5 10. Nxe5 Bxe5 11. Bh6 Bg7 12. Bxg7 Nxg7 13. f4 Bd7 14. Qd2 f5 15. e5 Be8 16. e6 Nh5 17. Rf3 Nf6 1/2-1/2

[Event "Moscow Region-ch"]
[Site "Dubna"]
[Date "2001.??.??"]
[Round "5"]
[White "Kozharinov, Sergey"]
[Black "Borzov, Vladimir"]
[Result "0-1"]
[WhiteElo "2180"]
[BlackElo "2163"]
[PlyCount "62"]
[EventDate "2001.??.??"]
[EventType "swiss"]
[EventRounds "9"]
[EventCountry "RUS"]
[SourceTitle "EXT 2006"]
[Source "ChessBase"]
[SourceDate "2005.11.24"]
[SourceVersion "1"]
[SourceVersionDate "2005.11.24"]
[SourceQuality "1"]

1. Nf3 f5 2. c4 d6 3. Nc3 e5 4. d3 Nc6 5. g3 g6 6. Bg2 Bg7 7. 0-0 Nf6 8. Bg5 h6 9. Bc1 0-0 10. e4 Ne7 11. b4 g5 12. h3 c6 13. Nh2 Be6 14. f4 exf4 15. gxf4 Nh7 16. Qc2 Qb6+ 17. Kh1 Qxb4 18. Rb1 Qxc3 19. Qxc3 Bxc3 20. Ba3 c5 21. Rxb7 Ng6 22. Rc7 Nxf4 23. Bf3 Rfc8 24. Rb7 fxe4 25. Bxe4 Nf6 26. Bf3 Bxh3 27. Ng4 Bxg4 28. Bxg4 Nxg4 29. Rf3 Re8 30. Rb1 Re2 31. Rc1 Rh2+ 0-1

[Event "Moscow Region-ch"]
[Site "Dubna"]
[Date "2001.??.??"]
[Round "3"]
[White "Kozharinov, Sergey"]
[Black "Bounin, Mikhail"]
[Result "0-1"]
[WhiteElo "2180"]
[BlackElo "2240"]
[PlyCount "92"]
[EventDate "2001.??.??"]
[EventType "swiss"]
[EventRounds "9"]
[EventCountry "RUS"]
[SourceTitle "EXT 2006"]
[Source "ChessBase"]
[SourceDate "2005.11.24"]
[SourceVersion "1"]
[SourceVersionDate "2005.11.24"]
[SourceQuality "1"]

1. c4 Nf6 2. Nc3 g6 3. g3 d5 4. cxd5 Nxd5 5. Bg2 Nxc3 6. bxc3 Bg7 7. Rb1 c6 8. Nf3 Qa5 9. Qb3 Nd7 10. d4 0-0 11. 0-0 Nb6 12. e4 Be6 13. Qa3 Qxa3 14. Bxa3 Bxa2 15. Ra1 Bc4 16. Rfc1 Rfe8 17. Nd2 e5 18. d5 cxd5 19. exd5 Bxd5 20. Bxd5 Nxd5 21. Ne4 Red8 22. c4 Nf6 23. Nd6 b6 24. Nb5 Ne8 25. Ra2 a6 26. Nc3 Rac8 27. Nd5 Bh6 28. Ne7+ Kg7 29. Rcc2 Rc7 30. Nd5 Rb7 31. Bb2 f6 32. Rxa6 Rdb8 33. Ra1 Kf7 34. Kg2 Nc7 35. Nc3 Rd8 36. Rd1 Rxd1 37. Nxd1 Ne6 38. Ba3 Ra7 39. c5 Rxa3 40. cxb6 Rb3 41. Rc6 Nd8 42. Rc7+ Ke8 43. Rxh7 Nf7 44. Ne3 Bxe3 45. fxe3 Rb2+ 46. Kf3 Ng5+ 0-1

[Event "Dubna op"]
[Site "Dubna"]
[Date "2000.??.??"]
[Round "7"]
[White "Patsyk, Aleksandr"]
[Black "Kozharinov, Sergey"]
[Result "1-0"]
[WhiteElo "2214"]
[BlackElo "2299"]
[PlyCount "54"]
[EventDate "2000.??.??"]
[EventType "swiss"]
[EventRounds "9"]
[EventCountry "RUS"]
[SourceTitle "EXT 2002"]
[Source "ChessBase"]
[SourceDate "2001.11.25"]
[SourceVersion "1"]
[SourceVersionDate "2001.11.25"]
[SourceQuality "1"]

1. c4 e5 2. g3 g6 3. Bg2 Nf6 4. Nh3 h6 5. 0-0 Bc5 6. e3 Nc6 7. f4 e4 8. Nc3 Qe7 9. Nf2 d6 10. Nfxe4 Nxe4 11. Nxe4 Bb6 12. b3 Nb4 13. Bb2 Rg8 14. Nf6+ Kf8 15. Nxg8 Kxg8 16. g4 Nd3 17. Bc3 g5 18. fxg5 hxg5 19. Bf6 Bxe3+ 20. Kh1 Qe6 21. dxe3 Qxe3 22. Qf3 Qxf3 23. Rxf3 Ne5 24. Bxe5 dxe5 25. Re3 f6 26. h3 c6 27. Rf1 Kf7 1-0